Nebo ľudí

Bibliographic Details
Main Author: Kasarda, Štefan, 1935-2006 (Author)
Format: Article
Language:Slovak
PhysicalDescription:Fotogr.
ISSN:0862-5999
Subjects:

MARC

LEADER 00000nab a2200000 a 4500
001 vtls000707570
003 SK-MaSNL
005 20260304104656.0
008 250429c1999 xo 0 slo
015 |a SNBRB1999/10-26680 
035 |a CLN000059737 
035 |a urn:nbn:sk:snk-abahtu 
035 |a (urnnbn)urn:nbn:sk:snk:ar-008ots 
035 |a (uuid)e00b1c54-17ec-41c2-9245-37fdc7613262 
040 |a SNKBUCL  |b slo  |c SNKBUCL  |e AACR2 
041 0 |a slo 
044 |a xo  |c SK 
080 |a 885.4-2  |2 1997 
100 1 |a Kasarda, Štefan,  |d 1935-2006  |4 aut  |9 106467 
245 1 0 |a Nebo ľudí  |c Štefan Kasarda 
300 |b Fotogr. 
650 0 7 |a hry rozhlasové slovenské  |x úryvky  |2 snkbucl  |9 862717 
655 7 |a články z novín a časopisov  |2 snkbucl  |9 267496 
773 0 |t Literárny týždenník  |g Roč. 12, č. 38 (1999), s. 6-7  |x 0862-5999 
850 |a Slovenská národná knižnica 
852 |a Slovenská národná knižnica 
954 |a odborná, vedecká literatúra pôvodná (slovenská)  |2 lita 
958 |a article14 
958 |a OND 
958 |a LX 
958 |a SK 
958 |a EUIPO 
992 |a RBX 
999 |c 2852422  |d 2854352